Financing of Self Help Groups by Commericial Banks (Record no. 370028)
[ view plain ]
| 000 -LEADER | |
|---|---|
| fixed length control field | 00301nam a22001217a 4500 |
| 020 ## - INTERNATIONAL STANDARD BOOK NUMBER | |
| International Standard Book Number | 9788183873925 |
| 082 ## - DEWEY DECIMAL CLASSIFICATION NUMBER | |
| Classification number | 330 MAY |
| 100 ## - MAIN ENTRY--PERSONAL NAME | |
| Personal name | Maya Satroba Gaonkar |
| 245 ## - TITLE STATEMENT | |
| Title | Financing of Self Help Groups by Commericial Banks |
| 260 ## - PUBLICATION, DISTRIBUTION, ETC. (IMPRINT) | |
| Place of publication, distribution, etc. | New Delhi |
| Name of publisher, distributor, etc. | Serials Publication |
| 300 ## - PHYSICAL DESCRIPTION | |
| Extent | 260 |
| 942 ## - ADDED ENTRY ELEMENTS (KOHA) | |
| Koha item type | Books (General) |
| Withdrawn status | Lost status | Damaged status | Not for loan | Collection code | Home library | Current library | Shelving location | Date acquired | Total Checkouts | Full call number | Barcode | Date last seen | Price effective from | Koha item type |
|---|---|---|---|---|---|---|---|---|---|---|---|---|---|---|
| Malayalam | College of Agriculture, Vellayani | College of Agriculture, Vellayani | 20/07/2019 | 330 MAY | KAU_COAV-27900 | 20/07/2019 | 12/05/2022 | Books (General) |
